Lei da Reforma Trabalhista Comentada Artigo por Artigo

Detalles Bibliográficos
Autor principal: Rodrigues, Deusmar Još
Formato: eBook
Lenguaje:portugués
Publicado: San Pablo: JH Mizuno, 2018
Materias:
Acceso en línea:Acceso restringido

MARC

LEADER 00000nam a22000007a 4500
005 20190714151614.0
007 cr|||| ||||
008 190714s2018 br |||||s|||| 00||0 por d
020 |a 978-85-7789-332-4 
035 |a 23844 
040 |a vLex 
090 |c 9030  |d 9030 
100 1 |a Rodrigues, Deusmar Još 
245 1 0 |a Lei da Reforma Trabalhista Comentada Artigo por Artigo  |h [Recurso electrn̤ico] /  |c Deusmar Jos ̌Rodrigues 
256 |a Servicio en ln̕ea 
260 |a San Pablo:  |b JH Mizuno,  |c 2018 
300 |a 1 recurso electrn̤ico 
500 |a Os comentr̀ios ora entregues ̉comunidade brasileira abordam todos os temas da reforma trabalhista de 2017. O leitor e a leitora encontrarô sl̤idas anl̀ises das normas sobre grupo econm̥ico, tempo ̉disposiȯ̂ do empregador, fonte subsidir̀ia do direito do trabalho, horas itinerr̀ias, fracionamento de fřias, trabalho em regime de tempo parcial, banco de horas, jornada 12x36, intervalo intrajornada, horas extras, teletrabalho, dano extrapatrimonial, trabalho da gestante ou lactante em ambiente insalubre, contrataȯ̂ de autn̥omo, contrato de trabalho intermitente, sucessô empresarial, verbas que nô se incorporam ao contrato, equiparaȯ̂ salarial, distrato no contrato de trabalho, representaȯ̂ dos empregados nas empresas, prevaln̊cia de acordo coletivo ou convenȯ̂ coletiva sobre o legislado, fim da contribuiȯ̂ sindical obrigatr̤ia e da homologaȯ̂ de rescisô contratual, contagem dos prazos processuais em dias t︢eis, justiȧ gratuita, honorr̀ios periciais, sucumbn̊cia honorr̀ia, dano processual, n̥us da prova no processo, requisitos da petiȯ̂ inicial, preposto da reclamada, incidente de desconsideraȯ̂ de personalidade jurd̕ica, homologaȯ̂ de acordo extrajudicial, ediȯ̂ de sm︢ulas pelo TST, execuȯ̂ de ofc̕io, salr̀io de contribuiȯ̂ para Previdn̊cia Social, saque do FGTS no distrato, terceirizaȯ̂, entre tantos outros assuntos. Esperamos que este livro possa auxiliar na discussô e interpretaȯ̂ da nova lei. Votos de proveitosa leitura, declinamos a todos e a todas! 
506 1 |a Disponible solo en los productos indicados  |d vLex Global  |d vLex Global (Academic Edition, excluding Law Schools)  |d vLex Global (U.S. Academic Edition, Law Schools)  |d vLex Global (U.S. Academic Edition, excluding Law Schools)  |d vLex Global (Academic Edition, Law Schools) 
650 0 4 |a Derecho Laboral y Seguridad Social  |z Brasil 
650 0 4 |a Procedimiento Laboral  |z Brasil 
740 0 |a vLex Libros (Servicio en ln̕ea) 
856 4 0 |u http://vlex.com/source/lei-da-reforma-trabalhista-comentada-artigo-por-artigo-23844  |z Acceso restringido 
942 |c BOOK 
999 0 |a Labor Law and Social Security 
999 0 |a Labor Procedure